| 000 | 00452nam a2200157Ia 4500 | ||
|---|---|---|---|
| 003 | 0 | ||
| 005 | 20230728105812.0 | ||
| 008 | 201002s9999 xx 000 0 und d | ||
| 020 | _a1-58567-522-9 | ||
| 050 |
_aPG 3476 _b.K83 2004 |
||
| 245 |
_cKudrova, Irma _aThe death of a poet : the last days of Mariana Tsvetaeva |
||
| 260 |
_aNew York: _bOverlook duckworth _cC2004 |
||
| 300 |
_a232pp. _c23 cm. |
||
| 650 | _aManagerial accounting | ||
| 942 |
_2lcc _cBK |
||
| 999 |
_c364682 _d364682 |
||